Analýza finančných pomerových ukazovateľov vo vybranom podniku bakalárska práca

Uložené v:
Podrobná bibliografia
Hlavný autor: Potoma, Radoslav, 1992-
Korporativný autor: Podnikovohospodárska fakulta EU so sídlom v Košiciach. Katedra finančného riadenia podniku
Ďalší autori: Kravec, Michal, 1986-
Médium: Kniha
Jazyk:Slovak
Vydavateľské údaje: Košice 2015
Tagy: Pridať tag
Žiadne tagy, Buďte prvý, kto otaguje tento záznam!

MARC

LEADER 00000nbm a2200000 4500
001 0202324
005 20161212094604.1
041 0 |a slo 
044 |a SK 
245 1 0 |a Analýza finančných pomerových ukazovateľov vo vybranom podniku  |b bakalárska práca  |c Radoslav Potoma ; školiteľ: Michal Kravec 
264 1 |a Košice  |c 2015 
300 |a 54 s. 
100 1 |a Potoma, Radoslav, 1992- 
700 1 |a Kravec, Michal, 1986- 
710 2 |a Podnikovohospodárska fakulta EU so sídlom v Košiciach. Katedra finančného riadenia podniku